Общие основы педагогики: учебник

Podrobná bibliografie
Hlavní autor: Краевский В. В. Володар Викторович
Shrnutí:Учебное пособие подготовлено в соответствии с ныне действующим стандартом педагогического образования (ОПД.Ф.02 «Педагогика», раздел «Общие основы педагогики»). Раскрываются задачи педагогической науки, ее категориальный аппарат. Образование представлено как общественное явление и как педагогический процесс. Подробно рассматриваются вопросы содержания образования, соотношения педагогики с философией и психологией. Даны методологические ориентиры для приступающих к исследованию на уровне студенческой дипломной работы или диссертации. Для студентов высших педагогических учебных заведений. Может быть полезно аспирантам и преподавателям педагогических вузов, а также всем интересующимся педагогикой как наукой.
Jazyk:ruština
Vydáno: Москва, Академия, 2005
Vydání:2-е изд., испр.
Edice:Высшее профессиональное образование. Педагогическая специальность
Témata:
Médium: Kniha
KOHA link:https://koha.lib.tpu.ru/cgi-bin/koha/opac-detail.pl?biblionumber=70344

MARC

LEADER 00000nam0a2200000 4500
001 70344
005 20231101212515.0
010 |a 5769523417 
035 |a (RuTPU)RU\TPU\book\74904 
090 |a 70344 
100 |a 20041122d2005 m y0rusy50 ca 
101 0 |a rus 
102 |a RU 
105 |a y j 001zy 
200 1 |a Общие основы педагогики  |e учебник  |f В. В. Краевский 
205 |a 2-е изд., испр. 
210 |a Москва  |c Академия  |d 2005  
215 |a 256 с. 
225 1 |a Высшее профессиональное образование. Педагогическая специальность 
320 |a Библиогр.: с. 252-253. 
330 |a Учебное пособие подготовлено в соответствии с ныне действующим стандартом педагогического образования (ОПД.Ф.02 «Педагогика», раздел «Общие основы педагогики»). Раскрываются задачи педагогической науки, ее категориальный аппарат. Образование представлено как общественное явление и как педагогический процесс. Подробно рассматриваются вопросы содержания образования, соотношения педагогики с философией и психологией. Даны методологические ориентиры для приступающих к исследованию на уровне студенческой дипломной работы или диссертации. Для студентов высших педагогических учебных заведений. Может быть полезно аспирантам и преподавателям педагогических вузов, а также всем интересующимся педагогикой как наукой. 
451 1 |0 (RuTPU)RU\TPU\book\132282  |y 5-7695-3556-3  |t Общие основы педагогики  |o учебное пособие для вузов  |f В. В. Краевский  |e 3-е изд., стер.  |c М.  |n Академия  |d 2006  |p 256 с.  |s Высшее профессиональное образование. Педагогическая специальность  |a Краевский, Володар Викторович 
606 1 |a Педагогика общая  |2 stltpush  |3 (RuTPU)RU\TPU\subj\48422  |9 67292 
610 1 |a педагогика 
610 1 |a педагогическая деятельность 
610 1 |a теория 
610 1 |a практика 
610 1 |a методология 
610 1 |a педагогическая наука 
610 1 |a педагогические исследования 
610 1 |a учебные пособия 
686 |a Ч31я73  |v LBC/SL-A  |2 rubbk 
700 1 |a Краевский  |b В. В.  |g Володар Викторович 
801 1 |a RU  |b 63413507  |c 20041122  |g PSBO 
801 2 |a RU  |b 63413507  |c 20180608  |g PSBO 
900 |a Педагогика 
942 |c BK 
952 |b 050701 
959 |a 18/20060226  |d 2  |e 153,34  |f АНЛ:1  |f НФ:1